[Event "FIDE World Bl Team Pool C"]
[Site "London ENG"]
[Date "2025.06.14"]
[Round "2.3"]
[White "Yakubboev, Nodirbek"]
[Black "Cuenca Jimenez, Jose Fernando"]
[Result "1-0"]
[WhiteTitle "GM"]
[BlackTitle "GM"]
[WhiteElo "2659"]
[BlackElo "2487"]
[WhiteTeam "Uzbekistan"]
[BlackTeam "Duobeniajan Costa Calida ESJ"]
[WhiteFideId "14203987"]
[BlackFideId "2255570"]
[EventDate "2025.06.14"]
[EventType "team"]

1. d4 Nf6 2. Nf3 g6 3. Nbd2 d5 4. b4 Bg7 5. Bb2 a5 6. b5 a4 7. Rc1 c6 8. e3 Bf5
9. Ba3 O-O 10. bxc6 Nxc6 11. Bb5 Qa5 12. c4 Ne4 13. O-O Nc3 14. Rxc3 Qxc3 15.
Qc1 Qxc1 16. Rxc1 Bd3 17. Ne1 Bxc4 18. Bxc4 dxc4 19. Nxc4 Rfd8 20. f4 Ra6 21.
Rb1 Rb8 22. d5 Na5 23. Nd2 Rd8 24. Rb5 e6 25. e4 exd5 26. exd5 f5 27. Nef3 Bf8
28. Bb2 a3 29. Bd4 Rd7 30. Kf1 Bd6 31. g3 Rc7 32. Be5 Rc1+ 33. Ke2 Nc4 34. Nxc4
Rxc4 35. Kd3 Rb4 36. Rxb4 Bxb4 37. Nd4 Bd6 38. Nb5 Bc5 39. Kc4 b6 40. d6 Kf7 41.
Kd5 Ra8 42. Kc6 Rc8+ 43. Nc7 Rb8 44. d7 Be7 45. Nd5 Ra8 46. Nxb6 Ra6 47. Kb5 Ra7
48. Kc6 Ra6 49. Bc7 Ra5 50. Nd5 Ra6+ 51. Kb7 Ra5 52. Bxa5 1-0

[Event "FIDE World Bl Team Pool C"]
[Site "London ENG"]
[Date "2025.06.14"]
[Round "2.4"]
[White "Camacho Collados, Marcos"]
[Black "Vokhidov, Shamsiddin"]
[Result "1/2-1/2"]
[WhiteTitle "IM"]
[BlackTitle "GM"]
[WhiteElo "2462"]
[BlackElo "2644"]
[WhiteTeam "Duobeniajan Costa Calida ESJ"]
[BlackTeam "Uzbekistan"]
[WhiteFideId "2266237"]
[BlackFideId "14204223"]
[EventDate "2025.06.14"]
[EventType "team"]

1. Nf3 d5 2. g3 Nf6 3. Bg2 e6 4. O-O Be7 5. d3 c5 6. Nbd2 Nc6 7. e4 b5 8. Re1
O-O 9. e5 Nd7 10. Nf1 a5 11. a4 b4 12. h4 Ba6 13. N1h2 c4 14. d4 c3 15. b3 Qb6
16. h5 h6 17. Ng4 Rae8 18. Be3 f5 19. exf6 Nxf6 20. Nge5 Bd6 21. Ng6 Rf7 22.
Nfe5 Rc7 23. Bh3 Ne4 24. Nf4 Nxe5 25. dxe5 Bc5 26. Bxc5 Qxc5 27. Rxe4 dxe4 28.
Nxe6 Qxe5 29. Nxc7 Qxc7 30. Qd5+ Kh8 31. Re1 e3 32. Rxe3 Rxe3 33. Qa8+ Kh7 34.
Bf5+ g6 35. Bxg6+ Kg7 36. fxe3 Bb7 37. Qa7 Qxg3+ 38. Kf1 Qg2+ 39. Ke1 Qd2+ 40.
Kf1 Qg2+ 41. Ke1 Qd2+ 42. Kf1 Qg2+ 43. Ke1 1/2-1/2

[Event "FIDE World Bl Team Pool C"]
[Site "London ENG"]
[Date "2025.06.14"]
[Round "2.5"]
[White "Tokhirjonova, Gulrukhbegim"]
[Black "Khotenashvili, Bella"]
[Result "0-1"]
[WhiteTitle "IM"]
[BlackTitle "GM"]
[WhiteElo "2370"]
[BlackElo "2418"]
[WhiteTeam "Uzbekistan"]
[BlackTeam "Duobeniajan Costa Calida ESJ"]
[WhiteFideId "14203626"]
[BlackFideId "13602640"]
[EventDate "2025.06.14"]
[EventType "team"]

1. Nf3 g6 2. g3 Bg7 3. Bg2 c5 4. O-O Nc6 5. e4 d6 6. c3 Nf6 7. Re1 O-O 8. d4
cxd4 9. cxd4 d5 10. e5 Ne4 11. Nc3 Nxc3 12. bxc3 Na5 13. Bf4 Bd7 14. Nd2 e6 15.
Nb3 Rc8 16. h4 h6 17. Rc1 Bb5 18. Kh2 Nc4 19. Nc5 b6 20. Nd3 Na5 21. Qf3 Qe7 22.
Nb4 Rc7 23. Qe3 Kh7 24. Bxd5 exd5 25. Nxd5 Qd8 26. Nxc7 Qxc7 27. e6 Qb7 28. e7
Re8 29. Bd6 Nc4 30. Qf4 Qd7 31. Bb8 Rxe7 32. Rxe7 Qxe7 33. d5 Ne5 34. d6 Qd7 35.
Rd1 Bc6 36. g4 Nxg4+ 37. Kg1 h5 38. Bc7 Bxc3 39. Rc1 Be5 40. Qg5 Bxd6 41. Bxd6
Qxd6 0-1

[Event "FIDE World Bl Team Pool C"]
[Site "London ENG"]
[Date "2025.06.14"]
[Round "2.6"]
[White "Torres, Lucas"]
[Black "Imomkuzieva, Nilufarkhon"]
[Result "0-1"]
[BlackTitle "WFM"]
[WhiteElo "1897"]
[BlackElo "2066"]
[WhiteTeam "Duobeniajan Costa Calida ESJ"]
[BlackTeam "Uzbekistan"]
[WhiteFideId "1769464"]
[BlackFideId "14216736"]
[EventDate "2025.06.14"]
[EventType "team"]

1. e4 e5 2. Nf3 Nc6 3. d4 exd4 4. Nxd4 Bc5 5. Nb3 Bb6 6. Qe2 Nge7 7. Nc3 O-O 8.
Be3 f5 9. f3 f4 10. Bxb6 axb6 11. O-O-O d6 12. Kb1 Be6 13. Qd2 Ne5 14. Nd4 Bd7
15. Be2 N7c6 16. Rhf1 Na5 17. g3 Nac4 18. Bxc4+ Nxc4 19. Qc1 Ne3 20. gxf4 Nxf1
21. Rxf1 Qf6 22. Nde2 b5 23. Nd5 Qd8 24. Rg1 c6 25. Ne3 Qa5 26. a3 b4 27. Nc4
Qc5 28. Nd2 bxa3 29. bxa3 Qxa3 30. Qxa3 Rxa3 31. Nc4 Rxf3 32. Nxd6 Ra8 33. e5
Rfa3 34. Kb2 Ra2+ 35. Kc3 R8a3+ 36. Kd2 Ra5 37. Nc1 Rd5+ 38. Ke3 Rxc2 39. Ne4
Kf8 40. Ne2 Bf5 41. N2g3 Bxe4 42. Nxe4 Rxh2 43. Rb1 b5 44. Rc1 Rh3+ 45. Kf2 Rd4
46. Ng5 Rxf4+ 47. Ke2 Rh6 48. Ke3 Rf5 49. Nf3 Rh3 50. Rf1 Rhxf3+ 51. Rxf3 Rxf3+
52. Kxf3 c5 53. Ke4 c4 54. Kd4 Ke7 0-1

[Event "FIDE World Bl Team Pool C"]
[Site "London ENG"]
[Date "2025.06.14"]
[Round "2.1"]
[White "Mamedyarov, Shakhriyar"]
[Black "D'Costa, Lorin"]
[Result "1-0"]
[WhiteTitle "GM"]
[BlackTitle "IM"]
[WhiteElo "2746"]
[BlackElo "2370"]
[WhiteTeam "Generation XYZA"]
[BlackTeam "Chess Rising Stars"]
[WhiteFideId "13401319"]
[BlackFideId "409219"]
[EventDate "2025.06.14"]
[EventType "team"]

1. c4 c5 2. b3 Nc6 3. Bb2 e5 4. g3 d6 5. Bg2 g6 6. e3 Bg7 7. Ne2 Nge7 8. Nbc3
Be6 9. O-O O-O 10. Nd5 Rb8 11. Nec3 a6 12. f4 h6 13. Nxe7+ Nxe7 14. fxe5 dxe5
15. Ne4 Qc7 16. Nf6+ Kh8 17. d4 exd4 18. exd4 cxd4 19. Qxd4 Qd8 20. Qc3 Ng8 21.
Rad1 Qc8 22. Qe3 Nxf6 23. Bxf6 Kh7 24. Bxg7 Kxg7 25. Qe5+ Kh7 26. h4 h5 27. Rd6
Re8 28. Be4 Kg8 29. Rf6 Bf5 30. Bxf5 Rxe5 31. Bxc8 Rxc8 32. Rd7 b5 33. Rfxf7
bxc4 34. Rg7+ Kf8 35. Rh7 Kg8 36. Rdg7+ Kf8 37. Rf7+ Kg8 38. Rhg7+ Kh8 39. bxc4
Rxc4 40. Rxg6 Re2 41. Rf2 Rc1+ 42. Kg2 Rxf2+ 43. Kxf2 Rc2+ 44. Kf3 Rxa2 45. Rh6+
Kg7 46. Rxh5 a5 47. Rb5 Ra4 48. h5 Kh6 49. g4 Ra1 50. Rb6+ Kg7 51. h6+ Kh7 52.
g5 Rf1+ 53. Ke4 Re1+ 54. Kf5 Rf1+ 55. Ke5 Re1+ 56. Kf4 Rf1+ 57. Ke3 Re1+ 58. Kf3
Rf1+ 59. Ke2 Rg1 60. Rb7+ Kh8 61. Rb5 a4 62. Kf2 Rg4 63. Kf3 Rg1 64. Ra5 Kh7 65.
Ra7+ Kh8 66. Kf4 Rf1+ 67. Kg4 Rg1+ 68. Kf5 Rc1 69. Rxa4 Rc5+ 70. Kg6 Rc6+ 71.
Kh5 1-0

[Event "FIDE World Bl Team Pool C"]
[Site "London ENG"]
[Date "2025.06.14"]
[Round "2.2"]
[White "Wu, Li"]
[Black "Gurel, Ediz"]
[Result "0-1"]
[WhiteTitle "FM"]
[BlackTitle "GM"]
[WhiteElo "2278"]
[BlackElo "2636"]
[WhiteTeam "Chess Rising Stars"]
[BlackTeam "Generation XYZA"]
[WhiteFideId "411086"]
[BlackFideId "44507356"]
[EventDate "2025.06.14"]
[EventType "team"]

1. c4 Nf6 2. Nc3 e5 3. Nf3 Nc6 4. g3 Bb4 5. Nd5 Bc5 6. d3 h6 7. Bg2 O-O 8. O-O
d6 9. a3 a5 10. e3 Ba7 11. b4 axb4 12. Nxb4 Bd7 13. Bb2 Re8 14. Qc2 Bc5 15. Bc3
Qc8 16. Rfb1 e4 17. Nd4 exd3 18. Nxd3 Bxd4 19. exd4 Bf5 20. Qd1 Ne4 21. Bb2 Na5
22. Rc1 Re7 23. f3 Nf6 24. Nf4 Re3 25. Kf2 Qe8 26. Rc3 Rxc3 27. Bxc3 Nxc4 28.
Qe2 Qxe2+ 29. Nxe2 Rxa3 30. Rxa3 Nxa3 31. g4 Bd7 32. Bf1 Nd5 33. Bd2 Bb5 34. Bc1
Nc2 35. Bb2 Nce3 0-1

[Event "FIDE World Bl Team Pool C"]
[Site "London ENG"]
[Date "2025.06.14"]
[Round "2.3"]
[White "Solak, Dragan"]
[Black "Cumming, Rhys"]
[Result "1-0"]
[WhiteTitle "GM"]
[BlackTitle "FM"]
[WhiteElo "2591"]
[BlackElo "2285"]
[WhiteTeam "Generation XYZA"]
[BlackTeam "Chess Rising Stars"]
[WhiteFideId "916811"]
[BlackFideId "470163"]
[EventDate "2025.06.14"]
[EventType "team"]

1. e4 e5 2. Nf3 Nc6 3. Bb5 a6 4. Bxc6 dxc6 5. Nc3 Bd6 6. d4 exd4 7. Qxd4 f6 8.
Ne2 Ne7 9. Bf4 Ng6 10. Bxd6 Qxd6 11. O-O-O Qxd4 12. Nfxd4 Kf7 13. f3 Rd8 14. Nb3
Be6 15. Nc5 Bc4 16. Rd2 b6 17. Nd3 Rd6 18. b3 Bxd3 19. Rxd3 Rad8 20. Rhd1 Rxd3
21. cxd3 Nh4 22. Kd2 Nxg2 23. b4 Nh4 24. Ke3 Ng6 25. Rc1 Ne7 26. h4 g6 27. h5
Ke8 28. hxg6 hxg6 29. Rh1 Kd7 30. Rh7 Ra8 31. Nf4 g5 32. Nh5 Rf8 33. d4 Kd6 34.
Nxf6 Nf5+ 35. Kd3 Nh4 36. e5+ Ke6 37. Rxc7 Nxf3 38. Ke3 Nh4 39. Ke4 Rd8 1-0

[Event "FIDE World Bl Team Pool C"]
[Site "London ENG"]
[Date "2025.06.14"]
[Round "2.4"]
[White "Navrotescu, Andreea"]
[Black "Erdogmus, Yagiz Kaan"]
[Result "0-1"]
[WhiteTitle "WGM"]
[BlackTitle "GM"]
[WhiteElo "2333"]
[BlackElo "2626"]
[WhiteTeam "Chess Rising Stars"]
[BlackTeam "Generation XYZA"]
[WhiteFideId "675946"]
[BlackFideId "44599790"]
[EventDate "2025.06.14"]
[EventType "team"]

1. d4 Nf6 2. c4 b6 3. Nc3 Bb7 4. d5 e6 5. a3 Bd6 6. Nf3 O-O 7. g3 c6 8. Bg2 cxd5
9. Nd4 Nc6 10. cxd5 Nxd4 11. Qxd4 Qb8 12. Qd3 Be5 13. e4 exd5 14. Nxd5 Nxd5 15.
exd5 a5 16. Be4 g6 17. f4 Ba6 18. Qc2 Bd4 19. Bd2 Qd6 20. Bc3 Bxc3+ 21. bxc3
Rfe8 22. Kf2 f5 23. Bf3 Qc5+ 24. Kg2 Re3 25. Rhe1 Rae8 26. Qd2 Kf8 27. Rxe3 Rxe3
28. Re1 Rxc3 29. Kh1 Rc2 30. Qe3 Qxe3 31. Rxe3 Bf1 32. Kg1 Bh3 33. d6 Rd2 34.
Rc3 Rxd6 35. Rc7 Ke7 36. Rb7 Rd3 37. Kf2 Rxa3 38. Rxb6 Ra2+ 39. Ke3 Rxh2 40. Ra6
Ra2 41. Ra7 Ra3+ 42. Kf2 Bg4 43. Bc6 Rd3 44. Bb5 Rd5 45. Bc4 Rc5 46. Bg8 h6 47.
Ra6 d6 48. Ra7+ Kd8 49. Be6 Rc2+ 50. Ke3 Re2+ 51. Kd4 0-1

[Event "FIDE World Bl Team Pool C"]
[Site "London ENG"]
[Date "2025.06.14"]
[Round "2.5"]
[White "Salimova, Nurgyul"]
[Black "Tsaknakis, Zisis"]
[Result "1-0"]
[WhiteTitle "IM"]
[BlackTitle "FM"]
[WhiteElo "2385"]
[BlackElo "2333"]
[WhiteTeam "Generation XYZA"]
[BlackTeam "Chess Rising Stars"]
[WhiteFideId "2915138"]
[BlackFideId "4259963"]
[EventDate "2025.06.14"]
[EventType "team"]

1. d4 Nf6 2. Nf3 d5 3. c4 e6 4. Nc3 c6 5. g3 dxc4 6. Bg2 b5 7. Ne5 a6 8. O-O Qb6
9. b3 cxb3 10. Qxb3 Bb7 11. Bb2 Nbd7 12. Rac1 Bd6 13. Nxd7 Nxd7 14. Ne4 Be7 15.
Nc5 Bxc5 16. dxc5 Nxc5 17. Qc3 Na4 18. Qxg7 O-O-O 19. Bf6 Rhg8 20. Bxd8 Rxg7 21.
Bxb6 Nxb6 22. Bxc6 Bxc6 23. Rxc6+ Kb7 24. Rd6 Kc7 25. Rfd1 Rg4 26. f4 Rg8 27.
Kf2 a5 28. R6d3 a4 29. e4 Ra8 30. g4 Kc6 31. g5 Ra7 32. h4 Nc4 33. h5 b4 34. Rc1
Kb5 35. f5 Ne5 36. Rd4 b3 37. axb3 axb3 38. fxe6 fxe6 39. Rb1 Ra2+ 40. Kg3 Kc5
41. Rd8 Kc4 42. Rc8+ Kd4 43. Rxb3 Ra4 44. Re8 Kxe4 45. Rxe6 Kf5 46. Re8 Rg4+ 47.
Kh3 Rxg5 48. Rb5 Rxh5+ 49. Kg3 Rg5+ 50. Kf2 Kf6 51. Rb6+ Kf7 52. Ra8 Nd7 53. Ra7
Rd5 54. Rh6 Kg7 55. Rc6 Kf7 56. Kg3 Ke8 57. Rh6 Nf8 58. Rf6 Rd8 59. Rg7 Rd3+ 60.
Kf2 Nd7 61. Re6+ Kd8 62. Rxh7 Kc7 63. Rg7 Rd5 64. Rh6 Rd4 65. Ke3 Rd1 66. Ke2
Rd5 67. Ra6 Kb7 68. Re6 Kc7 69. Ke3 Rd1 70. Rh6 Rd5 71. Ke4 Rd1 72. Ra6 Kb7 73.
Ra2 Kc6 74. Rc2+ Nc5+ 75. Ke3 Rd3+ 76. Ke2 Rd5 77. Rg6+ Kb5 78. Rg8 Re5+ 79. Kf3
Nd3 80. Rb8+ Ka6 81. Ra2+ 1-0

[Event "FIDE World Bl Team Pool C"]
[Site "London ENG"]
[Date "2025.06.14"]
[Round "2.6"]
[White "Kennedy, Aden"]
[Black "Yontar, Sabrican Onay"]
[Result "1-0"]
[WhiteElo "1950"]
[BlackElo "1941"]
[WhiteTeam "Chess Rising Stars"]
[BlackTeam "Generation XYZA"]
[WhiteFideId "343401015"]
[BlackFideId "6373623"]
[EventDate "2025.06.14"]
[EventType "team"]

1. e4 e5 2. Nf3 Nc6 3. Bc4 Bc5 4. O-O d6 5. c3 Qe7 6. d4 Bb6 7. Re1 Nf6 8. h3 a6
9. Bg5 h6 10. Bxf6 Qxf6 11. dxe5 Nxe5 12. Nxe5 dxe5 13. Qe2 O-O 14. Nd2 Qg6 15.
Kh2 Bd7 16. Nf3 Qf6 17. Rad1 Bc6 18. Bd5 Rad8 19. c4 Ba5 20. Rf1 Rd6 21. Rd3 b5
22. c5 Rdd8 23. Bxc6 Qxc6 24. Nxe5 Qe6 25. Nf3 Qxa2 26. Ra3 Qe6 27. Rxa5 Rfe8
28. Re1 Qf6 29. Ra3 b4 30. Re3 a5 31. e5 Qf4+ 32. g3 Qf5 33. e6 fxe6 34. Rxe6
Rf8 35. Kg2 Qxc5 36. Re7 Qd5 37. Qe6+ Qxe6 38. R1xe6 c5 39. Rc6 Rd5 40. Rcc7
Rfd8 41. Rxg7+ Kf8 42. Nh4 a4 43. Ng6+ 1-0

[Event "FIDE World Bl Team Pool C"]
[Site "London ENG"]
[Date "2025.06.14"]
[Round "2.1"]
[White "Zakarian, David"]
[Black "Samadov, Read"]
[Result "0-1"]
[WhiteTitle "FM"]
[BlackTitle "IM"]
[WhiteElo "2301"]
[BlackElo "2522"]
[WhiteTeam "ANI"]
[BlackTeam "Rookies"]
[WhiteFideId "13301276"]
[BlackFideId "13417444"]
[EventDate "2025.06.14"]
[EventType "team"]

1. e4 c5 2. Nf3 d6 3. Bb5+ Bd7 4. Bxd7+ Qxd7 5. O-O Nf6 6. e5 dxe5 7. Nxe5 Qc8
8. a4 e6 9. Ra3 Nc6 10. Nc4 Be7 11. Rh3 Qd7 12. Nc3 Nd4 13. d3 Rd8 14. Re1 h6
15. Bf4 b6 16. Ne5 Qb7 17. Rg3 g5 18. Bd2 Rg8 19. h4 Nf5 20. hxg5 Nxg3 21. fxg3
hxg5 22. Qe2 Bd6 23. Nb5 Qd5 24. Bc3 a6 25. Nxd6+ Qxd6 26. Rf1 Nd5 27. Nxf7 Qe7
28. Qh5 Kd7 29. Ne5+ Kc8 30. Nc6 Qe8 31. Na7+ Kb7 32. Rf7+ Rd7 33. Rxd7+ Qxd7 0-1

[Event "FIDE World Bl Team Pool C"]
[Site "London ENG"]
[Date "2025.06.14"]
[Round "2.2"]
[White "Sapenov, Daniyal"]
[Black "Kiremitciyan, Ari"]
[Result "1-0"]
[WhiteTitle "IM"]
[BlackTitle "FM"]
[WhiteElo "2405"]
[BlackElo "2271"]
[WhiteTeam "Rookies"]
[BlackTeam "ANI"]
[WhiteFideId "13728911"]
[BlackFideId "6373445"]
[EventDate "2025.06.14"]
[EventType "team"]

1. d4 d5 2. Nf3 e6 3. c4 h6 4. Nbd2 Nf6 5. g3 c5 6. cxd5 exd5 7. Bg2 Nc6 8. O-O
cxd4 9. Nb3 Be7 10. Nbxd4 O-O 11. b3 Ne4 12. Bb2 Bf6 13. Rc1 Bd7 14. e3 Rc8 15.
Qe2 Bg4 16. Nxc6 bxc6 17. Qc2 Bxb2 18. Qxb2 Bxf3 19. Bxf3 Ng5 20. Bg2 h5 21. h4
Ne6 22. Qe5 g6 23. Rfd1 Qa5 24. Rc2 Rfe8 25. Rdc1 Qa6 26. Qf6 Qb7 27. Bf3 a5 28.
Kg2 Red8 29. g4 hxg4 30. Bxg4 Re8 31. Rh1 c5 32. h5 d4+ 33. Bf3 Qe7 34. Qxe7
Rxe7 35. hxg6 fxg6 36. Bd5 Rd8 37. Rxc5 Kg7 38. Bxe6 Rxe6 39. exd4 Rxd4 40. Rxa5
Rg4+ 41. Kf3 Ree4 42. Rh3 Rgf4+ 43. Kg2 Re2 44. Rf3 Rg4+ 45. Rg3 Rf4 46. Ra7+
Kh6 47. Rh3+ Kg5 48. Ra5+ Kf6 49. Rf3 Rxf3 50. Kxf3 Rb2 51. Kg3 Kf7 52. Ra4 Kf6
53. b4 Kf5 54. a3 Rb3+ 55. f3 g5 56. Ra5+ Kf6 57. Kg4 Rb1 58. Ra6+ Ke5 59. Ra5+
Kf6 60. Rf5+ Ke6 61. Rxg5 Rb3 62. Ra5 1-0

[Event "FIDE World Bl Team Pool C"]
[Site "London ENG"]
[Date "2025.06.14"]
[Round "2.3"]
[White "Stepanyan, Henrik"]
[Black "Royal, Shreyas"]
[Result "0-1"]
[BlackTitle "GM"]
[WhiteElo "2200"]
[BlackElo "2492"]
[WhiteTeam "ANI"]
[BlackTeam "Rookies"]
[WhiteFideId "401030"]
[BlackFideId "448869"]
[EventDate "2025.06.14"]
[EventType "team"]

1. d4 Nf6 2. c4 e6 3. Nf3 d5 4. g3 Bb4+ 5. Bd2 a5 6. Bg2 O-O 7. O-O dxc4 8. Qc1
b6 9. a3 Be7 10. Bf4 Nd5 11. Qxc4 Nxf4 12. gxf4 Bb7 13. Qc2 Nd7 14. Nc3 Nf6 15.
Rac1 Rc8 16. Rfd1 Nd5 17. Nxd5 exd5 18. Qf5 Bf6 19. Ne5 Re8 20. e3 g6 21. Qh3
Qd6 22. Qg3 Bg7 23. Bh3 Rcd8 24. Rd2 c5 25. Rcd1 c4 26. Rc1 b5 27. Bg2 Qb6 28.
Qh4 b4 29. axb4 axb4 30. Ng4 h5 31. Ne5 Ra8 32. Qg3 Ra2 33. Rdc2 Rea8 34. Qf3
Ra1 35. Nxc4 Rxc1+ 36. Rxc1 Qc7 37. b3 Ra7 38. Re1 dxc4 39. Qd1 Bxg2 40. Kxg2 c3
41. Qc2 Qc6+ 42. Kg1 Qa6 43. d5 Qa2 44. Re2 Qxc2 45. Rxc2 Ra1+ 46. Kg2 Rd1 47.
e4 Rd2 48. Rc1 c2 49. Kf3 Bb2 0-1

[Event "FIDE World Bl Team Pool C"]
[Site "London ENG"]
[Date "2025.06.14"]
[Round "2.4"]
[White "Shogdzhiev, Roman"]
[Black "Zakarian, Dimitrios Levon"]
[Result "1-0"]
[WhiteTitle "FM"]
[WhiteElo "2402"]
[BlackElo "2079"]
[WhiteTeam "Rookies"]
[BlackTeam "ANI"]
[WhiteFideId "55653537"]
[BlackFideId "453080"]
[EventDate "2025.06.14"]
[EventType "team"]

1. e4 c5 2. Nf3 e6 3. d4 cxd4 4. Nxd4 a6 5. Bd3 Nf6 6. O-O Qc7 7. c4 d6 8. Nc3
Nbd7 9. b3 b6 10. Be3 Bb7 11. Qe2 Be7 12. Rad1 O-O 13. a4 Nc5 14. Bg5 Nxd3 15.
Qxd3 Rac8 16. Rfe1 Rfe8 17. Bh4 Nd7 18. Bxe7 Rxe7 19. Nf3 Nc5 20. Qc2 Ree8 21.
Rd4 Rcd8 22. Red1 Bc6 23. b4 Nb7 24. b5 axb5 25. axb5 Bd7 26. Qe2 Bc8 27. h4 Nc5
28. e5 dxe5 29. Qxe5 Qxe5 30. Rxd8 1-0

[Event "FIDE World Bl Team Pool C"]
[Site "London ENG"]
[Date "2025.06.14"]
[Round "2.5"]
[White "Grigoryan, Meri"]
[Black "Nurman, Alua"]
[Result "0-1"]
[WhiteTitle "WFM"]
[BlackTitle "WGM"]
[WhiteElo "1980"]
[BlackElo "2339"]
[WhiteTeam "ANI"]
[BlackTeam "Rookies"]
[WhiteFideId "13300571"]
[BlackFideId "13729390"]
[EventDate "2025.06.14"]
[EventType "team"]

1. d4 Nf6 2. Nf3 g6 3. c4 Bg7 4. Nc3 O-O 5. e4 d6 6. h3 Nbd7 7. Bg5 h6 8. Be3 e5
9. d5 Nc5 10. Nd2 a5 11. Be2 Nh7 12. O-O f5 13. Bxc5 dxc5 14. f4 exf4 15. Rxf4
Qd6 16. Qf1 Bd4+ 17. Kh1 Be3 18. Nb5 Qxf4 19. Nf3 fxe4 20. Nh2 Qg3 21. Qe1 Rf2
22. Bf1 Bxh3 0-1

[Event "FIDE World Bl Team Pool C"]
[Site "London ENG"]
[Date "2025.06.14"]
[Round "2.6"]
[White "Dauren, Darmen"]
[Black "Mesropyan, Hayk"]
[Result "1-0"]
[WhiteElo "2008"]
[BlackElo "1866"]
[WhiteTeam "Rookies"]
[BlackTeam "ANI"]
[WhiteFideId "13755579"]
[BlackFideId "499455"]
[EventDate "2025.06.14"]
[EventType "team"]

1. d4 d5 2. Bf4 Nf6 3. e3 Bf5 4. Bd3 Bg6 5. Nf3 e6 6. O-O Bd6 7. Ne5 Bxd3 8.
Qxd3 O-O 9. Nd2 Nbd7 10. Ndf3 Rc8 11. c3 c5 12. Nxf7 Rxf7 13. Bxd6 cxd4 14. exd4
Qb6 15. Ba3 Ne4 16. Nd2 Qc6 17. Rae1 Ndf6 18. Nxe4 Nxe4 19. f3 Nf6 20. Re3 b5
21. Rfe1 Re8 22. Qe2 Nh5 23. Rxe6 Rxe6 24. Qxe6 Qxe6 25. Rxe6 h6 26. Bd6 a5 27.
Be5 b4 28. cxb4 axb4 29. Rb6 Ra7 30. Rxb4 Rxa2 31. Rb5 g5 32. g3 Kf7 33. Rb7+
Kg6 34. g4 Ra1+ 35. Kf2 Rb1 36. gxh5+ Kxh5 37. Rb6 g4 38. fxg4+ Kxg4 39. Ke3 h5
40. Kd2 h4 41. b4 h3 42. b5 Kf5 43. Rb7 Ke4 44. Kc3 Ke3 45. b6 Rc1+ 46. Kb2 Rc4
47. Re7 Kd3 48. b7 Rb4+ 49. Ka3 1-0

[Event "FIDE World Bl Team Pool C"]
[Site "London ENG"]
[Date "2025.06.14"]
[Round "2.1"]
[White "Kogan, Arthur"]
[Black "Tan, Justin2"]
[Result "0-1"]
[WhiteTitle "GM"]
[BlackTitle "GM"]
[WhiteElo "2475"]
[BlackElo "2512"]
[WhiteTeam "OlalaStars"]
[BlackTeam "Wood Green Youth"]
[WhiteFideId "2800802"]
[BlackFideId "3206882"]
[EventDate "2025.06.14"]
[EventType "team"]

1. e4 c5 2. Nc3 Nc6 3. Bb5 Nd4 4. Nf3 a6 5. Bd3 Nc6 6. O-O g6 7. Nd5 Bg7 8. c3
d6 9. Bc2 e6 10. Ne3 e5 11. b4 Nge7 12. bxc5 dxc5 13. a4 O-O 14. Bb3 Qc7 15. Ba3
Na5 16. Nd5 Nxd5 17. Bxd5 Rd8 18. Ng5 Rd7 19. d4 h6 20. Nf3 exd4 21. cxd4 cxd4
22. Rc1 Qf4 23. Nxd4 Rxd5 24. exd5 Qxd4 25. Qe1 Nc4 26. Qe8+ Kh7 27. Be7 Nb6 28.
Qxf7 Qxd5 29. Qf4 Qf5 30. Qg3 Nd5 31. Bd6 Bd7 32. Rfe1 Re8 33. h4 Bxa4 34. Rxe8
Bxe8 35. Re1 Bc6 36. Bc5 Nf4 37. f3 Qxc5+ 0-1

[Event "FIDE World Bl Team Pool C"]
[Site "London ENG"]
[Date "2025.06.14"]
[Round "2.2"]
[White "Derakhshani, Borna"]
[Black "Krivenko, Dion"]
[Result "1-0"]
[WhiteTitle "FM"]
[BlackTitle "FM"]
[WhiteElo "2348"]
[BlackElo "2243"]
[WhiteTeam "Wood Green Youth"]
[BlackTeam "OlalaStars"]
[WhiteFideId "12518450"]
[BlackFideId "4508378"]
[EventDate "2025.06.14"]
[EventType "team"]

1. a4 g6 2. c3 Bg7 3. d4 d6 4. h4 h5 5. Nf3 Nf6 6. Bg5 Ne4 7. Nbd2 Nxg5 8. Nxg5
e5 9. e3 exd4 10. cxd4 O-O 11. Bc4 d5 12. Bd3 c5 13. dxc5 Nd7 14. Qc2 Ne5 15.
Be2 d4 16. exd4 Qxd4 17. Ngf3 Nxf3+ 18. Nxf3 Qxb2 19. Qxb2 Bxb2 20. Rb1 Bc3+ 21.
Kf1 b6 22. c6 Bf5 23. Rb3 Bf6 24. Ba6 Bc8 25. Bb5 Be6 26. Rb1 Rfc8 27. Rc1 Rc7
28. Ng5 Bxg5 29. hxg5 Rac8 30. Rd1 Bb3 31. Rd3 Bc2 32. Rd2 Bb3 33. Rh3 Be6 34.
Rhd3 Kg7 35. Rd6 Ra8 36. Ba6 Rb8 37. Kg1 Re8 38. f3 Rb8 39. Bb7 Rbxb7 40. cxb7
Rxb7 41. Rc6 Bb3 42. Rd4 Re7 43. Rcd6 Re5 44. f4 Ra5 45. Rd7 Bxa4 46. Rc7 Bb3
47. Rdd7 Ra1+ 48. Kf2 a5 49. Rd8 Ra2+ 50. Kg3 Be6 51. Rb7 Ra3+ 52. Kh2 Ra2 53.
Rbb8 f6 54. Rb7+ Bf7 55. Rdd7 1-0

[Event "FIDE World Bl Team Pool C"]
[Site "London ENG"]
[Date "2025.06.14"]
[Round "2.3"]
[White "Sason, Noam"]
[Black "Haydon, David L"]
[Result "0-1"]
[BlackTitle "FM"]
[WhiteElo "2153"]
[BlackElo "2284"]
[WhiteTeam "OlalaStars"]
[BlackTeam "Wood Green Youth"]
[WhiteFideId "371282346"]
[BlackFideId "415405"]
[EventDate "2025.06.14"]
[EventType "team"]

1. Nf3 Nf6 2. g3 e6 3. Bg2 d5 4. O-O Be7 5. d3 O-O 6. Nbd2 c5 7. e4 Nc6 8. Re1
Qc7 9. e5 Nd7 10. Qe2 b5 11. Nf1 Bb7 12. h4 Rac8 13. Bf4 d4 14. N1h2 Nb4 15. Ng4
Nd5 16. Bg5 Rfe8 17. h5 Nf8 18. h6 Bxg5 19. Nxg5 Qe7 20. hxg7 Qxg5 21. gxf8=Q+
Rxf8 22. Be4 h5 23. Nf6+ Nxf6 24. Bxb7 Rc7 25. Bf3 Ng4 26. Kg2 Kg7 27. Rh1 f5
28. exf6+ Rxf6 29. Rh4 Rcf7 30. Bxg4 Rxf2+ 31. Qxf2 Rxf2+ 32. Kxf2 hxg4 33. Re1
Qf6+ 34. Kg1 Qf3 35. Rh2 Qxg3+ 36. Rg2 Qxe1+ 37. Kh2 Qh4+ 38. Kg1 Kf6 39. Rf2+
Ke5 40. Re2+ Kd5 41. c4+ bxc4 42. dxc4+ Kxc4 43. b3+ Kc3 44. Rxe6 d3 45. b4 d2
46. Rd6 Qg3+ 0-1

[Event "FIDE World Bl Team Pool C"]
[Site "London ENG"]
[Date "2025.06.14"]
[Round "2.4"]
[White "Balaji, Aaravamudhan"]
[Black "Blokhin, Sofia"]
[Result "1-0"]
[WhiteTitle "IM"]
[BlackTitle "WFM"]
[WhiteElo "2346"]
[BlackElo "2057"]
[WhiteTeam "Wood Green Youth"]
[BlackTeam "OlalaStars"]
[WhiteFideId "436224"]
[BlackFideId "4508190"]
[EventDate "2025.06.14"]
[EventType "team"]

1. d4 f5 2. c4 Nf6 3. Nf3 g6 4. g3 Bg7 5. Bg2 O-O 6. O-O d6 7. Nc3 Nc6 8. d5 Ne5
9. Nxe5 dxe5 10. e4 f4 11. gxf4 exf4 12. Bxf4 Nxe4 13. Nxe4 Rxf4 14. Qd2 Qf8 15.
Rae1 b6 16. b3 Bd7 17. Ng3 Bh6 18. Qe2 Re8 19. Qe5 Bg7 20. Qxc7 Bg4 21. Re4 Rxe4
22. Nxe4 Bf3 23. Ng5 Bxg2 24. Kxg2 Qf5 25. Qg3 Be5 26. Qh4 h6 27. Qxh6 Qg4+ 28.
Kh1 Bg7 29. Qh7+ Kf8 30. Ne6+ 1-0